Classifica Marcatori Europei di Calcio 2012 - Statistics

Statistiche generali
  • Questo quiz è stato fatto 67 volte
  • Il punteggio medio è 7 su 16
Statistiche sulle risposte
Gol Nazione Calciatore % Corretto
3 Portogallo Cristiano Ronaldo
97%
3 Spagna Fernando Torres
95%
3 Italia Mario Balotelli
92%
3 Croazia Mario Mandžukić
76%
2 Svezia Zlatan Ibrahimović
76%
3 Germania Mario Gómez
53%
2 Ucraina Andrij Ševčenko
48%
2 Spagna David Silva
32%
2 Spagna Cesc Fàbregas
31%
2 Spagna Xabi Alonso
26%
2 Danimarca Nicklas Bendtner
18%
3 Russia Alan Dzagoev
6%
2 Danimarca Michael Krohn-Dehli
3%
2 Grecia Dīmītrios Salpiggidīs
0%
2 Repubblica Ceca Petr Jiráček
0%
2 Repubblica Ceca Václav Pilař
0%
Nessun quiz corrispondente trovato
Distribuzione punteggi
Percentuale di utenti per punteggio
Percentile per numero di risposta
I tuoi punteggi nel tempo
Non hai fatto questo quiz